[Event "Serbia Championship 2006"]
[Site "Vrnjacka Banja"]
[Date "2006.01.31"]
[Round "3"]
[White "Zlatic, Mihajlo"]
[Black "Abramovic, Bosko"]
[Result "1/2-1/2"]
[WhiteElo "2417"]
[BlackElo "2507"]
[PlyCount "28"]
[EventDate "2006.??.??"]

1. e4 e5 2. Nf3 Nc6 3. Bc4 Bc5 4. O-O Nf6 5. d3 d6 6. c3 a6 7. Bb3 Ba7 8. Nbd2
h6 9. h3 Be6 10. Re1 O-O 11. Nf1 Re8 12. N3h2 Bxb3 13. Qxb3 Qd7 14. Qd1 Ne7
1/2-1/2

[Event "Serbia Championship 2006"]
[Site "Vrnjacka Banja"]
[Date "2006.01.31"]
[Round "3"]
[White "Pap, Misa"]
[Black "Lajthajm, Borko"]
[Result "0-1"]
[WhiteElo "2402"]
[BlackElo "2464"]
[PlyCount "62"]
[EventDate "2006.??.??"]

1. e4 c5 2. Nf3 e6 3. c3 Nc6 4. d4 d5 5. e5 Bd7 6. Bd3 Qb6 7. O-O cxd4 8. cxd4
Nxd4 9. Nxd4 Qxd4 10. Nc3 a6 11. Qe2 Qa7 12. Kh1 Bc5 13. Qg4 g6 14. Bg5 Bd4 15.
Rae1 Qc5 16. Rc1 Qb6 17. f4 f5 18. Qh4 h6 19. Ne2 Be3 20. Rc3 Kf7 21. Qh3 d4
22. Rb3 Qa7 23. Bh4 Bc6 24. Bf2 Bxf2 25. Rxf2 b5 26. Rf1 Rd8 27. Rc1 Qb6 28.
Qh4 Rd7 29. Rb4 Re7 30. Nxd4 Bb7 31. Qf2 Rd7 0-1

[Event "Serbia Championship 2006"]
[Site "Vrnjacka Banja"]
[Date "2006.01.31"]
[Round "3"]
[White "Arsovic, Goran"]
[Black "Marcetic, Nikola"]
[Result "1/2-1/2"]
[WhiteElo "2450"]
[BlackElo "2390"]
[PlyCount "90"]
[EventDate "2006.??.??"]

1. d4 Nf6 2. Nf3 e6 3. c4 d5 4. Bg5 Nbd7 5. e3 c6 6. Nbd2 Qb6 7. Qc2 Ne4 8. Bf4
Nxd2 9. Nxd2 c5 10. cxd5 exd5 11. dxc5 Nxc5 12. Be2 Be7 13. Be5 O-O 14. O-O Be6
15. b3 Nd7 16. Bd4 Qa5 17. a3 Rac8 18. Qb2 Bf6 19. Rfc1 Qb6 20. Nf3 Bg4 21.
Bxf6 Nxf6 22. Nd4 Bxe2 23. Nxe2 h6 24. Nd4 a6 25. h3 Qd6 26. Rc2 Qd7 27. Rac1
Ne4 28. Nf3 Nf6 29. a4 Rfe8 30. Nd4 Ne4 31. Rxc8 Rxc8 32. Rc2 g6 33. Qc1 Nd6
34. Rc3 Rxc3 35. Qxc3 Ne4 36. Qc2 Nd6 37. Nf3 Qc8 38. Qxc8+ Nxc8 39. Kf1 Kf8
40. Ke2 Ke7 41. Kd3 Kd6 42. Nd4 Ne7 43. g4 Kc5 44. Kc3 a5 45. Ne2 Nc6 1/2-1/2

[Event "Serbia Championship 2006"]
[Site "Vrnjacka Banja"]
[Date "2006.01.31"]
[Round "3"]
[White "Tosic, Miroslav"]
[Black "Nestorovic, Nikola D"]
[Result "1-0"]
[WhiteElo "2434"]
[BlackElo "2361"]
[PlyCount "101"]
[EventDate "2006.??.??"]

1. g3 e5 2. c4 Nc6 3. Bg2 f5 4. Nc3 Nf6 5. a3 a5 6. d3 g6 7. Bg5 Bg7 8. e3 O-O
9. Nd5 Ne7 10. Bxf6 Bxf6 11. Nxf6+ Rxf6 12. d4 e4 13. d5 b5 14. cxb5 Bb7 15.
Ne2 Bxd5 16. O-O Bf7 17. Nc3 c5 18. f3 exf3 19. Qxf3 d5 20. e4 Rd6 21. exd5 Ra7
22. Rad1 Nc8 23. Qf2 Rc7 24. Rfe1 Nb6 25. Re2 Qf6 26. Qe3 Nc4 27. Qf4 Nb6 28.
h4 Rcd7 29. Qe3 Rc7 30. a4 Qd8 31. Kh2 Qc8 32. Qf4 Qf8 33. Rde1 Nc8 34. Re5 h6
35. Qf2 Rcd7 36. h5 Ne7 37. Qe3 Nc8 38. Qxc5 Kh7 39. hxg6+ Bxg6 40. Qf2 f4 41.
Qxf4 Rf6 42. Qh4 Nd6 43. Re6 Rdf7 44. Rxf6 Rxf6 45. Re6 Rf7 46. Ne4 Nf5 47. Qg4
Qg7 48. Qh3 Re7 49. Nf6+ Kh8 50. Nh5 Qf7 51. Rf6 1-0

[Event "Serbia Championship 2006"]
[Site "Vrnjacka Banja"]
[Date "2006.01.31"]
[Round "3"]
[White "Vrbljanac, Aleksandar"]
[Black "Milanovic, Danilo"]
[Result "0-1"]
[WhiteElo "2270"]
[BlackElo "2486"]
[PlyCount "80"]
[EventDate "2006.??.??"]

1. e4 c5 2. Nf3 Nc6 3. d4 cxd4 4. Nxd4 Nf6 5. Nc3 e5 6. Ndb5 d6 7. Bg5 a6 8.
Na3 b5 9. Nd5 Be7 10. Bxf6 Bxf6 11. c3 Bg5 12. Nc2 Nb8 13. a4 bxa4 14. Rxa4 Nd7
15. b4 O-O 16. Bc4 Bb7 17. O-O a5 18. Qg4 axb4 19. Rxa8 Bxa8 20. cxb4 h6 21.
Ra1 Nb6 22. Nxb6 Qxb6 23. h4 Bf6 24. Ne3 Qd4 25. Rd1 Qxe4 26. Qxe4 Bxe4 27. Bd5
Bxd5 28. Nxd5 Bxh4 29. b5 Rb8 30. b6 Bd8 31. Rb1 Rb7 32. g4 f6 33. Kg2 Kf7 34.
Ra1 Ke6 35. Ra7 Rb8 36. Nc7+ Bxc7 37. Rxc7 Rxb6 38. Rxg7 Rb8 39. Rh7 Rg8 40.
Kf3 Rg6 0-1

[Event "Serbia Championship 2006"]
[Site "Vrnjacka Banja"]
[Date "2006.01.31"]
[Round "3"]
[White "Savic, Miodrag R"]
[Black "Kojovic, Dragan"]
[Result "1/2-1/2"]
[WhiteElo "2517"]
[BlackElo "2341"]
[PlyCount "122"]
[EventDate "2006.??.??"]

1. e4 e5 2. Nf3 Nc6 3. Bb5 a6 4. Ba4 Nf6 5. O-O Be7 6. Re1 b5 7. Bb3 O-O 8. h3
Bb7 9. d3 d6 10. c3 Re8 11. Nbd2 Bf8 12. Nf1 h6 13. Qe2 Na5 14. Bc2 c5 15. g4
d5 16. Ng3 c4 17. g5 cxd3 18. Bxd3 dxe4 19. Nxe4 Nxe4 20. Bxe4 Bxe4 21. Qxe4
Qd7 22. gxh6 Qxh3 23. hxg7 Bxg7 24. Ng5 Qh5 25. Kg2 Rad8 26. Rh1 Qg6 27. Qxg6
fxg6 28. Ne4 Nc4 29. Bg5 Rd5 30. Rad1 Rxd1 31. Rxd1 Nxb2 32. Rd6 Rc8 33. Rxa6
Na4 34. Bd2 Nc5 35. Nxc5 Rxc5 36. Rxg6 Kf7 37. Rb6 e4 38. Be3 Rd5 39. Rb7+ Kg6
40. Rc7 Be5 41. Rc8 Kf5 42. Rc6 Bf6 43. Kf1 Rd1+ 44. Kg2 Rd5 45. Kh3 Be5 46.
Kg2 Bf6 47. c4 bxc4 48. Rxc4 Ra5 49. a4 Rd5 50. Rb4 Rd3 51. Rb5+ Kg4 52. Rb4
Kf5 53. Bc5 Rd2 54. Rb3 Ra2 55. Rb4 Bh4 56. Kf1 Ra1+ 57. Kg2 Ra2 58. Rb5 Kg4
59. Rb4 Kf5 60. Kf1 Ra1+ 61. Ke2 Ra2+ 1/2-1/2

[Event "Serbia Championship 2006"]
[Site "Vrnjacka Banja"]
[Date "2006.01.31"]
[Round "3"]
[White "Vratonjic, Slobo"]
[Black "Maksimovic, Branimir"]
[Result "1-0"]
[WhiteElo "2473"]
[BlackElo "2382"]
[PlyCount "93"]
[EventDate "2006.??.??"]

1. e4 e6 2. d4 d5 3. Nc3 Bb4 4. e5 c5 5. a3 Bxc3+ 6. bxc3 Qa5 7. Bd2 Qa4 8. Qg4
g6 9. Qd1 b6 10. Qb1 Ba6 11. Qb3 Qxb3 12. cxb3 Bxf1 13. Kxf1 Nc6 14. Nf3 Na5
15. Rb1 h6 16. Ke2 Ne7 17. dxc5 bxc5 18. c4 Nec6 19. Rhc1 O-O-O 20. cxd5 Rxd5
21. b4 Nb7 22. bxc5 g5 23. h3 Rg8 24. Be3 Rgd8 25. Rc3 R8d7 26. g4 Nba5 27. h4
gxh4 28. Rh1 Nxe5 29. Nxe5 Rxe5 30. Rxh4 Rd4 31. Kf3 Rc4 32. Rd3 Rd5 33. Rxd5
exd5 34. Rxh6 d4 35. Bf4 Rxc5 36. Rf6 Nc4 37. Ke4 Nxa3 38. Rxf7 Nb5 39. g5 Rc4
40. Kf5 d3 41. g6 d2 42. Rf8+ Kd7 43. Bxd2 Nd4+ 44. Ke5 Ne6 45. g7 Rc5+ 46. Kf6
Nxg7 47. Kxg7 1-0

[Event "Serbia Championship 2006"]
[Site "Vrnjacka Banja"]
[Date "2006.01.31"]
[Round "3"]
[White "Toth, Aleksandar"]
[Black "Muratovic, Alija"]
[Result "1/2-1/2"]
[WhiteElo "2302"]
[BlackElo "2437"]
[PlyCount "131"]
[EventDate "2006.??.??"]

1. e4 e5 2. Nf3 Nc6 3. Bc4 Bc5 4. d3 Nf6 5. c3 d6 6. Nbd2 O-O 7. Bb3 Qe7 8. O-O
Be6 9. h3 h6 10. Re1 a6 11. Nf1 Qd7 12. Ng3 Rae8 13. Nh2 d5 14. Qf3 Kh7 15. Nh5
Nxh5 16. exd5 g6 17. dxc6 bxc6 18. Be3 Bd6 19. Rad1 f5 20. Bc1 Nf6 21. Bxe6
Rxe6 22. Qe3 f4 23. Qe2 Rfe8 24. Ng4 Ng8 25. Nh2 c5 26. Nf3 Nf6 27. Nd2 Qa4 28.
Ne4 Qxa2 29. Nxf6+ Rxf6 30. Qe4 Ref8 31. c4 Qb3 32. f3 Rd8 33. Rd2 a5 34. Qe2
a4 35. Red1 c6 36. Rc2 Bc7 37. Rc3 Qb4 38. Qc2 Rfd6 39. Ra3 e4 40. fxe4 f3 41.
gxf3 Rf6 42. Rxa4 Qb8 43. Rf1 Rdf8 44. Qg2 Qd8 45. Ra3 R8f7 46. Be3 Qf8 47. f4
Qb8 48. Raa1 Bxf4 49. Bxf4 Rxf4 50. Rxf4 Qxf4 51. Rf1 Qe3+ 52. Kh2 Kg7 53.
Rxf7+ Kxf7 54. Qf1+ Ke6 55. Qg1 Qxd3 56. Qxg6+ Ke5 57. Qxc6 Qe2+ 58. Kg1 Qxc4
59. Qxh6 Qd4+ 60. Kf1 Qd1+ 61. Kf2 Qc2+ 62. Kf1 Qb1+ 63. Ke2 Qxb2+ 64. Qd2
Qxd2+ 65. Kxd2 Kxe4 66. Kc3 1/2-1/2

[Event "Serbia Championship 2006"]
[Site "Vrnjacka Banja"]
[Date "2006.01.31"]
[Round "3"]
[White "Lapcevic, Milos"]
[Black "Stupavski, Zdenko"]
[Result "0-1"]
[WhiteElo "2282"]
[BlackElo "2409"]
[PlyCount "96"]
[EventDate "2006.??.??"]

1. d4 Nf6 2. c4 g6 3. Nc3 Bg7 4. e4 d6 5. f3 O-O 6. Bg5 c5 7. d5 e6 8. Qd2 exd5
9. cxd5 h6 10. Be3 Re8 11. Nge2 Nbd7 12. Nc1 Ne5 13. Be2 Nh7 14. O-O h5 15. Rb1
Bd7 16. b4 c4 17. a4 f5 18. N1a2 Nf6 19. h3 fxe4 20. fxe4 a6 21. a5 Qe7 22.
Rbe1 Rac8 23. Nc1 Nh7 24. Bd1 Nd3 25. Nxd3 cxd3 26. Na4 Bb5 27. Bf4 Bd4+ 28.
Kh1 Nf6 29. e5 dxe5 30. Nb6 Rcd8 31. Bb3 Kh7 32. Bg5 e4 33. Be3 Bxe3 34. Rxe3
Rf8 35. Rfe1 Qd6 36. Qc3 h4 37. Kg1 Rde8 38. Qc5 Qf4 39. d6 Re5 40. Qd4 Rf5 41.
Rxe4 d2 42. Re7+ Kh6 43. Qxf4+ Rxf4 44. Rd1 Ne4 45. Bc4 Bxc4 46. Nxc4 Rf1+ 47.
Kh2 Rxd1 48. Rxe4 Rh1+ 0-1

[Event "Serbia Championship 2006"]
[Site "Vrnjacka Banja"]
[Date "2006.01.31"]
[Round "3"]
[White "Certic, Branimir"]
[Black "Pantovic, Dragan M"]
[Result "0-1"]
[WhiteElo "2405"]
[BlackElo "2129"]
[PlyCount "101"]
[EventDate "2006.??.??"]

1. d4 d6 2. Nf3 g6 3. Bf4 Bg7 4. Nc3 a6 5. g3 Nd7 6. Bh3 c5 7. dxc5 Nxc5 8. Bg2
Nf6 9. O-O Bd7 10. Qc1 Bc6 11. Bh6 O-O 12. Bxg7 Kxg7 13. b3 b5 14. Qb2 e5 15.
Rad1 Qe7 16. Nh4 Rac8 17. Bxc6 Rxc6 18. Ng2 Ne6 19. Nb1 Rfc8 20. c3 d5 21. e3
Nc5 22. Rfe1 Nce4 23. Rc1 Qc7 24. Qa3 a5 25. Qb2 Nxc3 26. Nxc3 Rxc3 27. Rxc3
Qxc3 28. Qe2 b4 29. Rd1 Qc2 30. Rd2 Qb1+ 31. Rd1 Rc1 32. Rxc1 Qxc1+ 33. Ne1 Ne4
34. Kf1 Qd2 35. Qxd2 Nxd2+ 36. Ke2 Ne4 37. Nd3 Nc3+ 38. Kd2 Kf6 39. a4 Ne4+ 40.
Ke2 Ke6 41. f3 Nc3+ 42. Kd2 Kd6 43. Nf2 f5 44. h4 e4 45. f4 Kc5 46. Nh3 h6 47.
Nf2 d4 48. Nh3 Nd5 49. exd4+ Kxd4 50. Ng1 Nc3 51. g4 0-1

[Event "Serbia Championship 2006"]
[Site "Vrnjacka Banja"]
[Date "2006.01.31"]
[Round "3"]
[White "Djosic, Slavoljub"]
[Black "Mitrovic, Petar"]
[Result "1-0"]
[WhiteElo "2279"]
[BlackElo "2387"]
[PlyCount "95"]
[EventDate "2006.??.??"]

1. Nf3 Nf6 2. g3 g6 3. Bg2 Bg7 4. O-O O-O 5. d3 a5 6. e4 d6 7. Nbd2 Nbd7 8. Qe2
a4 9. c3 e5 10. Nc4 Re8 11. Re1 b5 12. Ne3 Nb6 13. Qc2 Bb7 14. Bd2 c5 15. c4
bxc4 16. Nxc4 Nxc4 17. dxc4 Nd7 18. Rad1 Nf8 19. Bc3 Qc7 20. Qe2 Ra6 21. b4
axb3 22. axb3 Ne6 23. b4 Nd4 24. Bxd4 exd4 25. b5 Ra4 26. Qd3 Qa5 27. Nd2 Ra3
28. Qb1 Bh6 29. f4 Qa8 30. Re2 Bg7 31. Kh1 Ra2 32. Rde1 Qa3 33. Nf3 Rxe2 34.
Rxe2 Ra8 35. Re1 Ra4 36. Nd2 Qc3 37. Rd1 Ra3 38. b6 Ra5 39. e5 Bxg2+ 40. Kxg2
Ra8 41. exd6 Qa5 42. d7 Bf6 43. Qe4 Rd8 44. Qc6 Be7 45. Kh3 Qa6 46. Re1 Kf8 47.
Nf3 Rb8 48. Qe4 1-0

[Event "Serbia Championship 2006"]
[Site "Vrnjacka Banja"]
[Date "2006.01.31"]
[Round "3"]
[White "Tadic, Branko"]
[Black "Tasic, Zoran"]
[Result "1-0"]
[WhiteElo "2491"]
[BlackElo "2188"]
[PlyCount "117"]
[EventDate "2006.??.??"]

1. Nf3 b6 2. g3 Bb7 3. Bg2 e6 4. c4 f5 5. O-O Nf6 6. d4 Bd6 7. Nc3 O-O 8. Qc2
Qe8 9. Nb5 Be4 10. Qb3 Qh5 11. c5 bxc5 12. dxc5 Bxc5 13. Nxc7 Nc6 14. Nxa8 Rxa8
15. Be3 Rb8 16. Qc3 Bxe3 17. Qxe3 Rxb2 18. Rfe1 h6 19. h3 Nd5 20. Qa3 Rc2 21.
Qd6 Nc3 22. Kf1 Qe8 23. Ne5 Nxe5 24. Qxe5 Qa8 25. f3 Bc6 26. Rac1 Rxc1 27. Rxc1
Na4 28. Rb1 Nb6 29. Qc7 Kh7 30. Kf2 Kg6 31. h4 h5 32. Kg1 Kf7 33. Kh2 g6 34. e4
Kf6 35. Rb3 Ke7 36. Ra3 Nc8 37. Rb3 Nb6 38. Qe5 Kf7 39. Qf4 Qd8 40. Ra3 Qa8 41.
Qh6 Nc4 42. Rb3 Ne5 43. Kh3 a5 44. f4 Ng4 45. Qh7+ Kf8 46. Rb8+ Qxb8 47. Qh8+
Kf7 48. Qxb8 Nf2+ 49. Kh2 fxe4 50. Kg1 Ng4 51. Qa7 a4 52. Bxe4 Bxe4 53. Qxd7+
Kf6 54. Qxa4 Bd5 55. Qb4 Kf5 56. a4 Nf6 57. Qf8 e5 58. fxe5 Kxe5 59. a5 1-0

[Event "Serbia Championship 2006"]
[Site "Vrnjacka Banja"]
[Date "2006.01.31"]
[Round "3"]
[White "Mirkovic, Stevan"]
[Black "Nestorovic, Dejan"]
[Result "1/2-1/2"]
[WhiteElo "2191"]
[BlackElo "2399"]
[PlyCount "91"]
[EventDate "2006.??.??"]

1. Nf3 d5 2. d4 Nf6 3. c4 e6 4. Nc3 Nbd7 5. Bg5 Bb4 6. cxd5 exd5 7. e3 c5 8.
Be2 Qa5 9. O-O Bxc3 10. bxc3 c4 11. Bxf6 Nxf6 12. Ne5 O-O 13. Qc2 Ne4 14. Bxc4
Qxc3 15. Qxc3 Nxc3 16. Rfc1 dxc4 17. Rxc3 Be6 18. Nxc4 Rfc8 19. Rac1 b5 20. Nd6
Rxc3 21. Rxc3 b4 22. Rc2 a5 23. Rb2 Rb8 24. Ne4 a4 25. Nd2 f5 26. Kf1 a3 27.
Rc2 Rc8 28. Rxc8+ Bxc8 29. Ke2 Be6 30. Kd3 Bxa2 31. Kc2 Kf7 32. f3 Ke6 33. e4
g5 34. Nb3 f4 35. Nd2 Kd6 36. Nb3 Kc6 37. d5+ Kd6 38. Nd2 Ke5 39. Nb3 h5 40. h3
Kd6 41. Nd2 Kc5 42. Nb3+ Kd6 43. Nd2 h4 44. Nb3 Bxb3+ 45. Kxb3 Kc5 46. Ka2
1/2-1/2

[Event "Serbia Championship 2006"]
[Site "Vrnjacka Banja"]
[Date "2006.01.31"]
[Round "3"]
[White "Misailovic, Nebojsa"]
[Black "Jevtic, Miroljub L"]
[Result "1-0"]
[WhiteElo "2342"]
[BlackElo "2153"]
[PlyCount "49"]
[EventDate "2006.??.??"]

1. e4 e5 2. Nf3 Nc6 3. Bb5 a6 4. Ba4 Nf6 5. O-O d6 6. Re1 Be7 7. c3 O-O 8. h3
b5 9. Bb3 Na5 10. Bc2 c5 11. d4 Nd7 12. Nbd2 cxd4 13. cxd4 Bb7 14. Nf1 Rc8 15.
Ng3 g6 16. Bh6 Re8 17. a4 exd4 18. axb5 axb5 19. Nxd4 Qb6 20. Nxb5 Rxc2 21.
Qxc2 Rc8 22. Nc3 Nc4 23. Nd5 Bxd5 24. exd5 Bh4 25. Qxc4 1-0

[Event "Serbia Championship 2006"]
[Site "Vrnjacka Banja"]
[Date "2006.01.31"]
[Round "3"]
[White "Muratovic, Dzemail"]
[Black "Nikolic, Stanimir"]
[Result "0-1"]
[WhiteElo "2177"]
[BlackElo "2306"]
[PlyCount "39"]
[EventDate "2006.??.??"]

1. d4 d5 2. c4 c6 3. Nc3 Nf6 4. Bg5 e6 5. Nf3 Nbd7 6. cxd5 exd5 7. e3 Qa5 8.
Nd2 Bd6 9. Bd3 O-O 10. Rc1 Re8 11. O-O a6 12. Bh4 Qc7 13. Bg3 Bxg3 14. hxg3 Qd6
15. Nf3 Ne4 16. a3 Qh6 17. Bxe4 dxe4 18. Ne5 Nf6 19. f4 exf3 20. Qxf3 0-1

[Event "Serbia Championship 2006"]
[Site "Vrnjacka Banja"]
[Date "2006.01.31"]
[Round "3"]
[White "Radosavljevic, Novica"]
[Black "Mihalj, Miroslav M"]
[Result "0-1"]
[WhiteElo "2142"]
[BlackElo "2299"]
[PlyCount "70"]
[EventDate "2006.??.??"]

1. e4 c5 2. Nf3 Nf6 3. Nc3 d6 4. d4 cxd4 5. Nxd4 a6 6. Be2 e5 7. Nb3 Be7 8. Bg5
Be6 9. Qd2 Nbd7 10. O-O Qc7 11. Rad1 b5 12. a3 Rc8 13. Qe3 h6 14. Bh4 O-O 15.
Kh1 Rfd8 16. Rd2 Nb6 17. Bg3 Nc4 18. Bxc4 bxc4 19. Nc1 Qb7 20. b4 cxb3 21. cxb3
Rxc3 22. Qxc3 Nxe4 23. Qf3 Bg4 24. Qd3 Nxd2 25. Qxd2 Be6 26. b4 Re8 27. f4 Bd5
28. Nd3 e4 29. Ne1 Bc4 30. Rg1 Qd5 31. Qe3 Bf6 32. Bf2 Bb5 33. Qb6 Qc6 34. Qe3
d5 35. Qh3 d4 0-1

[Event "Serbia Championship 2006"]
[Site "Vrnjacka Banja"]
[Date "2006.01.31"]
[Round "3"]
[White "Jovanovic, Zoran"]
[Black "Bozilov, Novica"]
[Result "1-0"]
[WhiteElo "2291"]
[BlackElo "2023"]
[PlyCount "111"]
[EventDate "2006.??.??"]

1. c4 c5 2. Nc3 Nc6 3. g3 b6 4. Bg2 Bb7 5. a3 e6 6. Rb1 a6 7. d3 Nf6 8. Nh3 Qc7
9. Bd2 Be7 10. O-O O-O 11. Bf4 Bd6 12. Bd2 Be7 13. Nf4 d6 14. b4 cxb4 15. axb4
Ne5 16. Qa4 Bxg2 17. Nxg2 Rfd8 18. Rfc1 Qd7 19. Qa1 Ng6 20. Qb2 d5 21. cxd5
Nxd5 22. Nxd5 exd5 23. Nf4 Nxf4 24. Bxf4 a5 25. Rc7 Qe6 26. b5 Rdc8 27. Rbc1
Rxc7 28. Rxc7 Rc8 29. Qc1 Rxc7 30. Qxc7 h6 31. Be3 a4 32. Bxb6 a3 33. Bd4 Bf6
34. Bxf6 Qxf6 35. b6 a2 36. b7 a1=Q+ 37. Kg2 Qe1 38. b8=Q+ Kh7 39. Qf4 Qxe2 40.
Qxf6 gxf6 41. Qf8 Qe6 42. h4 f5 43. Qb8 Qe2 44. Qf8 Qe6 45. Qb4 Qe2 46. Qd4 Qe6
47. h5 f6 48. Qa7+ Kg8 49. Qe3 Qc6 50. Qxh6 d4+ 51. Kg1 Kf7 52. Qh7+ Ke6 53.
Qg8+ Kd6 54. Qc4 Qf3 55. Qxd4+ Ke6 56. Qe3+ 1-0

[Event "Serbia Championship 2006"]
[Site "Vrnjacka Banja"]
[Date "2006.01.31"]
[Round "3"]
[White "Vukanovic, Sasa"]
[Black "Pantic, Ivica"]
[Result "1-0"]
[WhiteElo "2337"]
[BlackElo "2201"]
[PlyCount "45"]
[EventDate "2006.??.??"]

1. Nf3 c5 2. c4 g6 3. d4 Bg7 4. e4 d6 5. h3 Nc6 6. d5 Nd4 7. Nxd4 cxd4 8. Bd3
e5 9. dxe6 fxe6 10. Nd2 Ne7 11. Nf3 Nc6 12. O-O O-O 13. Rb1 a5 14. b3 Kh8 15.
a3 e5 16. Qe2 Qe7 17. Bd2 Nd8 18. b4 axb4 19. axb4 Ne6 20. g3 Qf6 21. Kg2 h6
22. Rbc1 Bd7 23. h4 1-0

[Event "Serbia Championship 2006"]
[Site "Vrnjacka Banja"]
[Date "2006.01.31"]
[Round "3"]
[White "Ristovic, Mileta"]
[Black "Djokic, Nebojsa"]
[Result "0-1"]
[WhiteElo "2132"]
[BlackElo "2253"]
[PlyCount "79"]
[EventDate "2006.??.??"]

1. Nf3 Nf6 2. c4 g6 3. Nc3 Bg7 4. e4 d6 5. d4 O-O 6. Be2 e5 7. dxe5 dxe5 8.
Qxd8 Rxd8 9. Bg5 Rf8 10. O-O c6 11. Rfd1 Be6 12. Be3 h6 13. Rd2 Nfd7 14. Ne1
Rd8 15. Rad1 Bf8 16. f3 f6 17. Nc2 h5 18. Kf1 Be7 19. Na4 Kf7 20. h3 Nb6 21.
Nxb6 axb6 22. a3 c5 23. Bf2 Nc6 24. Ne3 Nd4 25. Nd5 Bxd5 26. exd5 f5 27. Bxd4
exd4 28. Bd3 Bg5 29. Re2 Re8 30. Rxe8 Rxe8 31. Be2 Bf4 32. Rd3 Kf6 33. Rb3 Bc7
34. Kf2 Kg5 35. a4 Ra8 36. Ra3 h4 37. Bd3 Bg3+ 38. Kf1 Kf4 39. Bc2 Re8 40. Ra1
0-1

[Event "Serbia Championship 2006"]
[Site "Vrnjacka Banja"]
[Date "2006.01.31"]
[Round "3"]
[White "Zivkovic, Momcilo"]
[Black "Jovanovic, Milos"]
[Result "1/2-1/2"]
[WhiteElo "2151"]
[BlackElo "2239"]
[PlyCount "76"]
[EventDate "2006.??.??"]

1. e4 c5 2. Nf3 Nf6 3. e5 Nd5 4. Nc3 e6 5. Nxd5 exd5 6. d4 Nc6 7. dxc5 Bxc5 8.
Qxd5 Qb6 9. Bc4 Bxf2+ 10. Ke2 O-O 11. Rf1 Bc5 12. Ng5 Nd4+ 13. Kd1 Ne6 14. Ne4
d6 15. exd6 Rd8 16. Bd3 Bxd6 17. Qh5 f5 18. Nxd6 Qxd6 19. Qxf5 Qxh2 20. Qf7+
Kh8 21. Bg5 Rg8 22. Be7 Bd7 23. Kd2 Qh6+ 24. Kd1 Rae8 25. Bd6 Rd8 26. Be7 Be8
27. Qf3 Rd4 28. g4 Rxg4 29. c3 Rf4 30. Qg2 Rxf1+ 31. Bxf1 Bc6 32. Qe2 Qh1 33.
Kc2 Be4+ 34. Kb3 Re8 35. Qd2 Bd5+ 36. Ka3 Qe4 37. Rd1 Bc6 38. b3 Nf4 1/2-1/2

[Event "Serbia Championship 2006"]
[Site "Vrnjacka Banja"]
[Date "2006.01.31"]
[Round "3"]
[White "Marcetic, Predrag"]
[Black "Dodic, Dragan"]
[Result "1/2-1/2"]
[WhiteElo "2208"]
[BlackElo "2177"]
[PlyCount "55"]
[EventDate "2006.??.??"]

1. Nf3 d5 2. d4 c6 3. b3 Bf5 4. e3 e6 5. Bd3 Bg4 6. h3 Bh5 7. O-O Nd7 8. Bb2
Bd6 9. Be2 Bxf3 10. Bxf3 f5 11. c4 Ngf6 12. cxd5 exd5 13. Ba3 Bxa3 14. Nxa3 h5
15. Qd3 g6 16. b4 b5 17. Rfc1 Rc8 18. Nc2 Nb6 19. Ne1 Qd6 20. a3 O-O 21. Qc2
Nc4 22. Be2 Ra8 23. Nd3 a5 24. Nc5 axb4 25. axb4 Ne4 26. Nd3 Kg7 27. Ne5 Rfc8
28. f3 1/2-1/2

[Event "Serbia Championship 2006"]
[Site "Vrnjacka Banja"]
[Date "2006.01.31"]
[Round "3"]
[White "Bojovic, Dusan"]
[Black "Stojanovic, Zlatko"]
[Result "1-0"]
[WhiteElo "2116"]
[BlackElo "2258"]
[PlyCount "49"]
[EventDate "2006.??.??"]

1. e4 e5 2. Nf3 Nc6 3. d4 exd4 4. Nxd4 Nf6 5. Nxc6 bxc6 6. e5 Qe7 7. Qe2 Nd5 8.
c4 Ba6 9. g3 O-O-O 10. Qe4 Nb6 11. c5 Bxf1 12. cxb6 Ba6 13. bxa7 Kb7 14. Be3 f6
15. Nc3 fxe5 16. O-O-O d5 17. Nxd5 cxd5 18. Rxd5 c6 19. Rhd1 Rxd5 20. Rxd5 Qc7
21. Rxe5 Ka8 22. Re8+ Bc8 23. Qe6 Be7 24. Rxh8 Bd8 25. Bb6 1-0

[Event "Serbia Championship 2006"]
[Site "Vrnjacka Banja"]
[Date "2006.01.31"]
[Round "3"]
[White "Draskovic, Dragan"]
[Black "Brajovic, Miroljub"]
[Result "0-1"]
[WhiteElo "2158"]
[BlackElo "2192"]
[PlyCount "66"]
[EventDate "2006.??.??"]

1. d4 Nf6 2. c4 d5 3. Nf3 e6 4. e3 Be7 5. Nc3 O-O 6. Bd3 b6 7. b3 c5 8. O-O Bb7
9. Bb2 Nbd7 10. Rc1 Re8 11. Qe2 Ne4 12. Rfd1 f5 13. cxd5 exd5 14. Bb5 Nxc3 15.
Bxc3 Bd6 16. Ne5 Bxe5 17. dxe5 a6 18. Bd3 Nxe5 19. Bxf5 d4 20. Bh3 Qh4 21. Ba1
Nf3+ 22. Kh1 Rad8 23. gxf3 Qxh3 24. e4 Rd6 25. Rg1 Rh6 26. Rg2 Rf8 27. Rcg1 g6
28. Qc4+ Rf7 29. Re1 Qxf3 30. Qe6 Rh5 31. Kg1 Rh4 32. Rxg6+ hxg6 33. Qxg6+ Rg7
0-1

[Event "Serbia Championship 2006"]
[Site "Vrnjacka Banja"]
[Date "2006.01.31"]
[Round "3"]
[White "Rosandic, Martin"]
[Black "Jokic, Miodrag"]
[Result "0-1"]
[WhiteElo "1857"]
[BlackElo "2172"]
[PlyCount "47"]
[EventDate "2006.??.??"]

1. e4 d6 2. d4 Nf6 3. Bd3 g6 4. Ne2 Bg7 5. c3 O-O 6. Ng3 e5 7. h3 Nc6 8. d5 Ne7
9. Be3 c6 10. c4 cxd5 11. cxd5 Nd7 12. Nc3 a6 13. Qd2 b5 14. b4 f5 15. exf5
Nxf5 16. Bh6 Qf6 17. Bxg7 Qxg7 18. Nxf5 gxf5 19. g4 e4 20. Bc2 Ne5 21. O-O-O
Nf3 22. Qe3 Bd7 23. Kb1 a5 24. Ne2 0-1